Hello Kitty Dictionary / (Record no. 48526)
| 000 -LEADER | |
|---|---|
| fixed length control field | 00311nam a2200109 4500 |
| 020 ## - INTERNATIONAL STANDARD BOOK NUMBER | |
| International Standard Book Number | 9780007457199 |
| 100 ## - MAIN ENTRY--PERSONAL NAME | |
| Personal name | HarperCollins, |
| Relator term | Publishers. |
| 9 (RLIN) | 86094 |
| 245 ## - TITLE STATEMENT | |
| Title | Hello Kitty Dictionary / |
| Statement of responsibility, etc | By HarperCollins Publishers. |
| 260 ## - PUBLICATION, DISTRIBUTION, ETC. (IMPRINT) | |
| Place of publication, distribution, etc | Glasgow; |
| Name of publisher, distributor, etc | HarperCollins, |
| Date of publication, distribution, etc | 2012. |
| 300 ## - PHYSICAL DESCRIPTION | |
| Extent | 320 pages. |
| 942 ## - ADDED ENTRY ELEMENTS (KOHA) | |
| Source of classification or shelving scheme | |
| Koha item type | Book |
| Withdrawn status | Lost status | Source of classification or shelving scheme | Damaged status | Not for loan | Home library | Current library | Date acquired | Total Checkouts | Full call number | Barcode | Checked out | Date last seen | Date checked out | Price effective from | Koha item type |
|---|---|---|---|---|---|---|---|---|---|---|---|---|---|---|---|
| Logos International School | Logos International School | 03/04/2025 | 8 | J 423 COL | 040462 | 09/16/2026 | 04/30/2026 | 04/30/2026 | 03/04/2025 | Book |